| 000 | 00412nam a2200133 4500 | ||
|---|---|---|---|
| 008 | 708 P538r | ||
| 020 | _a0948252286 | ||
| 082 |
_a708 _bP538r |
||
| 100 |
_aPhelan, Garret et al (edición) _96730 |
||
| 245 | _aRacer untitled | ||
| 260 |
_aEssex _bfirstsite _c2006 |
||
| 300 |
_a140 p. _bill (col) _c26.5 x 20 cm |
||
| 650 |
_xarte contemporáneo _xarte - videoarte _xarte - exhibiciones _xarte - fotografía _xIrlanda _96731 |
||
| 999 |
_c1638 _d1638 |
||